Food safety
The book offers clear, accurate analysis of current food safety data - from microorganisms to naturally occurring food toxicants to chemical additives and preservatives
Zapisane w:
| 1. autor: | |
|---|---|
| Format: | Książka |
| Język: | Undetermined |
| Wydane: |
Minnesota
Eagan
1992
|
| Hasła przedmiotowe: | |
| Etykiety: |
Dodaj etykietę
Nie ma etykietki, Dołącz pierwszą etykiete!
|
| Thư viện lưu trữ: | Trung tâm Học liệu Trường Đại học Cần Thơ |
|---|
| LEADER | 00705nam a2200205Ia 4500 | ||
|---|---|---|---|
| 001 | CTU_15459 | ||
| 008 | 210402s9999 xx 000 0 und d | ||
| 020 | |b 222.5df | ||
| 082 | |a 664 | ||
| 082 | |b J78 | ||
| 100 | |a Julie Miller Jones | ||
| 245 | 0 | |a Food safety | |
| 245 | 0 | |c Julie Miller Jones | |
| 260 | |a Minnesota | ||
| 260 | |b Eagan | ||
| 260 | |c 1992 | ||
| 520 | |a The book offers clear, accurate analysis of current food safety data - from microorganisms to naturally occurring food toxicants to chemical additives and preservatives | ||
| 650 | |a food - analysis,food - preservation,food industry and trade | ||
| 904 | |i Minh, 970405 | ||
| 980 | |a Trung tâm Học liệu Trường Đại học Cần Thơ | ||